000 00217nam a22000857a 4500
008 161104b xxu||||| |||| 00| 0 eng d
100 _91038
_aSinghal j. p etal
245 _aSocial Science
260 _aNew Delhi
_bAmanda
_c2012
999 _c3694
_d3694